Clements' international report.

Bibliographic Details
Other Authors: Clements, John, 1916-
Format: Journal
Language:English
Published: Dallas, Tex. : Political Research.
Subjects:
Online Availability: Check for online availability

MARC

Tag First Indicator Second Indicator Subfields
LEADER 00000cas a2200000 a 4500
001 in00000771021
005 20151017051150.0
008 770317c197u9999txumr p 0 u 0engmd
010 |a sc 78000101  
012 |a 2  |b 3  |k 1  |l 1  |m 1 
022 0 |a 0145-9678 
035 |a (OCoLC)02811479 
035 |9 ADK5013AM 
037 |b Political Research, Inc., Tegoland at Bent Tree, 1685 Dallas Parkway, Dallas, Tex. 75248 
040 |a NSD  |c NSD  |d DLC  |d NSD  |d OCL  |d NSD  |d DLC  |d NSD  |d OCL  |d NST  |d TXA  |d UtOrBLW 
042 |a nsdp  |a lc 
049 |a TXAE 
090 |a JF37  |b  C532 
222 0 |a Clements' international report 
245 0 0 |a Clements' international report. 
246 2 0 |a International report 
264 1 |a Dallas, Tex. :  |b Political Research. 
300 |a volumes ;  |c 28 cm. 
336 |a text  |b txt  |2 rdacontent 
337 |a unmediated  |b n  |2 rdamedia 
338 |a volume  |b nc  |2 rdacarrier 
500 |a Description based on: October 1982. 
515 |a Vols. for <Oct. 1982>- also called <v. 5>-  
650 0 |a Comparative government  |x Periodicals. 
650 0 |a Economic history  |y 1945-  |v Periodicals. 
650 0 |a World politics  |y 1945-  |x Periodicals. 
700 1 |a Clements, John,  |d 1916- 
787 0 |t Clements' encyclopedia of world governments  |x 0145-9686 
850 |a CaOONL  |a DeU  |a GEU  |a IaU  |a KU  |a MoU  |a NcRS  |a NjP  |a OU  |a  ViBlbV 
999 |a MARS 
999 f f |s a2946a75-648a-3c87-9c2d-4f8272a5f808  |i d5bd0cab-adf8-3fe8-b38e-1fc7132146e6  |t 0 
952 f f |p ric  |a Texas A&M University  |b Rellis Campus  |c Joint Library Facility  |d Remote Storage  |t 0  |e JF37 .C532  |h Library of Congress classification  |i unmediated -- volume  |k v.5  |l 1982/1984  |m A14819180547 
952 f f |p ric  |a Texas A&M University  |b Rellis Campus  |c Joint Library Facility  |d Remote Storage  |t 0  |e JF37 .C532  |h Library of Congress classification  |i unmediated -- volume  |k v.14:Sept.-Mar  |l 2001/2002  |m A14832876450 
952 f f |p ric  |a Texas A&M University  |b Rellis Campus  |c Joint Library Facility  |d Remote Storage  |t 0  |e JF37 .C532  |h Library of Congress classification  |i unmediated -- volume  |k v.15  |l 2002/2004  |m A14833061294 
952 f f |p ric  |a Texas A&M University  |b Rellis Campus  |c Joint Library Facility  |d Remote Storage  |t 0  |e JF37 .C532  |h Library of Congress classification  |i unmediated -- volume  |k v.7  |l 1986/1988  |m A14811824260 
952 f f |p ric  |a Texas A&M University  |b Rellis Campus  |c Joint Library Facility  |d Remote Storage  |t 0  |e JF37 .C532  |h Library of Congress classification  |i unmediated -- volume  |k v.14:Apr.-June  |l 2000/2001  |m A14833061260 
952 f f |p ric  |a Texas A&M University  |b Rellis Campus  |c Joint Library Facility  |d Remote Storage  |t 0  |e JF37 .C532  |h Library of Congress classification  |i unmediated -- volume  |k v.16:Apr.-Dec.  |l 2004/2005  |m A14833061252 
952 f f |p ric  |a Texas A&M University  |b Rellis Campus  |c Joint Library Facility  |d Remote Storage  |t 0  |e JF37 .C532  |h Library of Congress classification  |i unmediated -- volume  |k v.8  |l 1988/1990  |m A14812104655 
952 f f |p ric  |a Texas A&M University  |b Rellis Campus  |c Joint Library Facility  |d Remote Storage  |t 0  |e JF37 .C532  |h Library of Congress classification  |i unmediated -- volume  |k v.9  |l 1990/1991  |m A14819180628 
952 f f |p ric  |a Texas A&M University  |b Rellis Campus  |c Joint Library Facility  |d Remote Storage  |t 0  |e JF37 .C532  |h Library of Congress classification  |i unmediated -- volume  |k v.10  |l 1992/1994  |m A14819180610 
952 f f |p ric  |a Texas A&M University  |b Rellis Campus  |c Joint Library Facility  |d Remote Storage  |t 0  |e JF37 .C532  |h Library of Congress classification  |i unmediated -- volume  |k v.6  |l 1984/1986  |m A14819180602 
952 f f |p ric  |a Texas A&M University  |b Rellis Campus  |c Joint Library Facility  |d Remote Storage  |t 0  |e JF37 .C532  |h Library of Congress classification  |i unmediated -- volume  |k v.13  |l 1998/2000  |m A14851821216 
952 f f |p ric  |a Texas A&M University  |b Rellis Campus  |c Joint Library Facility  |d Remote Storage  |t 0  |e JF37 .C532  |h Library of Congress classification  |i unmediated -- volume  |k v.11  |l 1994/1996  |m A14822504996 
952 f f |p ric  |a Texas A&M University  |b Rellis Campus  |c Joint Library Facility  |d Remote Storage  |t 0  |e JF37 .C532  |h Library of Congress classification  |i unmediated -- volume  |k v.12  |l 1996/1997  |m A14822505049 
998 f f |a JF37 .C532  |s v.16 (2004:Apr./2005:May)  |t 0  |l Remote Storage